Modes of Speciation /

Contenido: Especies y especiación; La estructura genética y diferencias de las especies; Diferencias cromosómicas entre las especies; Especiación alopátrica; Clinal y especiación del área de efecto; Modelos cromosómicos de especiación; Modelos ‘sympatric’ de especiación; Especiación por poliploide;...

Descrizione completa

Salvato in:
Dettagli Bibliografici
Autore principale: White, Michael J.D (autor)
Natura: Libro
Lingua:inglese
Pubblicazione: San Francisco, EUA : W.H. Freeman and Company, 1978, c1978
Serie:(A Series of Books in Biology)
Soggetti:
Tags: Aggiungi Tag
Nessun Tag, puoi essere il primo ad aggiungerne!!

MARC

LEADER 00000nam^a2200000^a^4500
001 000184596
005 20250521000000.0
009 20260310102119.748
020 |a 0-7167-0284-3 
037 |a Acervo ITESO - Biblioteca 
041 |a ING 
082 |a 575.  |b WHI 
100 |a White, Michael J.D.  |e (autor) 
245 1 0 |a Modes of Speciation /  |c M.J.D. White. 
264 4 |a San Francisco, EUA :  |b W.H. Freeman and Company,  |c 1978, c1978 
300 |a 455 p. 
336 |a texto  |b txt  |2 rdacontenido 
337 |a sin mediación  |b n  |2 rdamedio 
338 |a volumen  |b nc  |2 rdasoporte 
440 2 |a (A Series of Books in Biology) 
520 |a Contenido: Especies y especiación; La estructura genética y diferencias de las especies; Diferencias cromosómicas entre las especies; Especiación alopátrica; Clinal y especiación del área de efecto; Modelos cromosómicos de especiación; Modelos ‘sympatric’ de especiación; Especiación por poliploide; Especiación asexual; Conclusiones. 
649 |a XX 
650 |a Adaptación (Biología) -  |x Tema Principal 
650 |a Selección Natural -  |x Tema Principal 
650 |a Evolución 
650 |a Biología 
910 |a Fondo General 
920 |a Impresos - Libros 
930 |a Colección General 
905 |a 101 
901 |a 0500125689  |b IT1  |c ACC  |u 20250521 
902 |a https://opac.biblio.iteso.mx/vufind/Record/000184596